Semiconductor device modelling with SPICE /

Gespeichert in:
Bibliographische Detailangaben
Weitere Verfasser: Antognetti, P (Zusammenstellung), Massabrio, G (xxx)
Format: Buch
Sprache:Englisch
Veröffentlicht: New York : McGraw-Hill, 1988
Tags: Tag hinzufügen
Keine Tags, Fügen Sie das erste Tag hinzu!

MARC

LEADER 00000nam a22000003a 4500
001 stu1732
005 20150617225619.2
008 920528s1988----xxu-----------------eng-d
040 |a STU  |b slo 
041 0 |a eng 
044 |a xxu 
080 |a 621.382.049.7 
080 |a 681.32 
100 1 |a Antognetti, P  |4 com 
245 1 |a Semiconductor device modelling with SPICE /  |c Edit.: Antognetti,P.; Massabrio,G 
260 |a New York :  |b McGraw-Hill,  |c 1988 
300 |a 389 s 
700 1 |a Massabrio, G  |4 xxx 
996 |b E64855  |c E*64855  |l EE11  |s P  |a 0  |w stu1732_0001